000 00423nam a2200169 4500
020 _a9789393969347
082 _aM 809
_bSHO/S
100 _aShooba K S
100 _aAnilkumar D V
245 _aSahityacharithram:
_bdeshacharithram enna kettukatha/
_cby Shooba K S
250 _a3
260 _aKozhikode:
_bAtma Books,
_c2023.
300 _a111p.
650 _aLiterary History
650 _aLiterature
942 _cBK
999 _c181862
_d181862